[Event "FIDE World Uni Rapid-C 1st"]
[Site "Tornelo INT"]
[Date "2021.03.21"]
[Round "11"]
[White "Kouskoutis, Georgios Alexandros"]
[Black "Lepoittevin, Thomas"]
[Result "1-0"]
[WhiteElo "2231"]
[BlackElo "1811"]
[PlyCount "45"]
[EventDate "2021.03.20"]
[EventType "swiss (rapid)"]
[EventRounds "12"]
[EventCountry "NET"]
[SourceTitle "CBM 201 Extra"]
[Source "ChessBase"]
[SourceDate "2021.05.31"]
[SourceVersion "1"]
[SourceVersionDate "2021.05.31"]
[SourceQuality "1"]

1. d3 c5 2. g3 d5 3. Bg2 g6 4. c3 Bg7 5. Nd2 Nf6 6. Ngf3 0-0 7. 0-0 Nc6 8. e4 dxe4 9. dxe4 e5 10. Qe2 a6 11. Rd1 Qc7 12. Nc4 b5 13. Ne3 c4 14. Nd5 Nxd5 15. exd5 Na5 16. d6 Qb8 17. Nxe5 Ra7 18. Be3 Re8 19. Bxa7 Qxa7 20. Nc6 Qd7 21. Ne7+ Kf8 22. Qe3 Nb7 23. Bc6 1-0

[Event "FIDE World Uni Blitz-A 1st"]
[Site "Tornelo INT"]
[Date "2021.03.13"]
[Round "2.22"]
[White "Antolak, Julia"]
[Black "Lepoittevin, Thomas"]
[Result "1-0"]
[WhiteElo "2306"]
[BlackElo "1811"]
[PlyCount "65"]
[EventDate "2021.03.13"]
[EventType "swiss (blitz)"]
[EventRounds "10"]
[EventCountry "NET"]
[SourceTitle "EXT 2022"]
[Source "ChessBase"]
[SourceDate "2021.10.06"]
[SourceVersion "1"]
[SourceVersionDate "2021.10.06"]
[SourceQuality "1"]

1. e4 c5 2. Nf3 e6 3. d4 cxd4 4. Nxd4 a6 5. Bd3 Qc7 6. 0-0 Nc6 7. Nb3 h5 8. f4 h4 9. h3 b6 10. Be3 Bb7 11. Qe2 Nf6 12. N1d2 Nh5 13. Qf2 b5 14. c4 Ng3 15. Rfe1 b4 16. Nf3 Be7 17. Nbd2 f5 18. exf5 Nxf5 19. Bb6 Qd6 20. Bxf5 exf5 21. Bc5 Qxf4 22. Bxe7 Nxe7 23. Qc5 d6 24. Qc7 0-0 25. Qxe7 Rf7 26. Qe3 Qg3 27. Qg5 d5 28. cxd5 Qd6 29. Qxh4 Qxd5 30. Re5 Qd7 31. Rae1 Rff8 32. Ng5 g6 33. Re7 1-0

[Event "FIDE World Uni Blitz-A 1st"]
[Site "Tornelo INT"]
[Date "2021.03.13"]
[Round "9.28"]
[White "Lepoittevin, Thomas"]
[Black "Ccerhuayo Escobedo, Mels Leopold"]
[Result "1/2-1/2"]
[WhiteElo "1811"]
[BlackElo "2153"]
[PlyCount "133"]
[EventDate "2021.03.13"]
[EventType "swiss (blitz)"]
[EventRounds "10"]
[EventCountry "NET"]
[SourceTitle "EXT 2022"]
[Source "ChessBase"]
[SourceDate "2021.10.06"]
[SourceVersion "1"]
[SourceVersionDate "2021.10.06"]
[SourceQuality "1"]

1. Nf3 d5 2. g3 c6 3. c4 Nf6 4. Bg2 e6 5. 0-0 Bd6 6. b3 0-0 7. Bb2 Re8 8. d4 Nbd7 9. Ne5 Qc7 10. f4 Nf8 11. Nd2 N6d7 12. e4 dxe4 13. Nxe4 Be7 14. f5 exf5 15. Rxf5 Nxe5 16. Rxe5 Ng6 17. Rh5 f5 18. Ng5 h6 19. Nf3 Bf6 20. Qc2 Qf7 21. Nh4 Nxh4 22. Rxh4 Bxh4 23. gxh4 Bd7 24. Kh1 Re7 25. d5 Rae8 26. Rg1 Re2 27. Qc3 R2e3 28. Qd4 Re1 29. Bf1 R1e5 30. Qxa7 cxd5 31. Qxb7 dxc4 32. Bxc4 Be6 33. Bxe6 R8xe6 34. Qxf7+ Kxf7 35. Bxe5 Rxe5 36. Rf1 g5 37. hxg5 hxg5 38. Kg2 Kg6 39. Rf2 g4 40. a4 Kg5 41. b4 f4 42. a5 Re3 43. b5 f3+ 44. Kg3 Re1 45. h3 Rg1+ 46. Kh2 Ra1 47. a6 Kh4 48. hxg4 Kxg4 49. Rb2 Re1 50. a7 Re2+ 51. Rxe2 fxe2 52. a8Q e1Q 53. Qg8+ Kf4 54. Qf7+ Kg4 55. Qg6+ Kf4 56. Qh6+ Kg4 57. Qh3+ Kf4 58. Qd3 Qf2+ 59. Kh1 Kg4 60. Qg6+ Kh3 61. Qh5+ Kg3 62. Qg5+ Kh3 63. Qh5+ Kg3 64. Qg6+ Kh3 65. Qh6+ Kg3 66. Qg5+ Kh3 67. Qh5+ 1/2-1/2

[Event "FIDE World Uni Blitz-A 1st"]
[Site "Tornelo INT"]
[Date "2021.03.13"]
[Round "4.28"]
[White "Lepoittevin, Thomas"]
[Black "Easton, Jack R"]
[Result "1-0"]
[WhiteElo "1811"]
[BlackElo "2175"]
[PlyCount "57"]
[EventDate "2021.03.13"]
[EventType "swiss (blitz)"]
[EventRounds "10"]
[EventCountry "NET"]
[SourceTitle "EXT 2022"]
[Source "ChessBase"]
[SourceDate "2021.10.06"]
[SourceVersion "1"]
[SourceVersionDate "2021.10.06"]
[SourceQuality "1"]

1. Nf3 d5 2. g3 Bg4 3. Ne5 Bf5 4. Bg2 Nd7 5. d4 Ngf6 6. c4 e6 7. Qb3 Rb8 8. Nc3 c6 9. 0-0 Nxe5 10. dxe5 Nd7 11. cxd5 cxd5 12. e4 dxe4 13. Nxe4 Qb6 14. Qa4 Rd8 15. Be3 Qc7 16. Bg5 Rc8 17. Rac1 Qb8 18. Nd6+ Bxd6 19. exd6 f6 20. Bf4 e5 21. Be3 Rxc1 22. Rxc1 0-0 23. Rc7 Nb6 24. Qb3+ Kh8 25. Rxb7 Qd8 26. Rxa7 Nc8 27. Ra8 Qxd6 28. Bb7 Qc7 29. Bc5 1-0

[Event "FRA-chT U20 16 GP Basse 1213"]
[Site "France"]
[Date "2013.05.19"]
[Round "9"]
[White "Lialy Yao, Mustapha"]
[Black "Lepoittevin, Thomas"]
[Result "1-0"]
[WhiteElo "1530"]
[BlackElo "1463"]
[PlyCount "129"]
[EventDate "2012.12.01"]
[EventType "team"]
[EventRounds "11"]
[EventCountry "FRA"]
[SourceTitle "EXT 2014"]
[Source "ChessBase"]
[SourceDate "2013.11.20"]
[SourceVersion "1"]
[SourceVersionDate "2013.11.20"]
[SourceQuality "1"]
[WhiteTeam "Villepinte (U20)"]
[BlackTeam "Grenoble (U20)"]
[WhiteTeamCountry "FRA"]
[BlackTeamCountry "FRA"]

1. e4 e5 2. Nf3 Nc6 3. Bb5 a6 4. Ba4 Bc5 5. 0-0 d6 6. h3 Bd7 7. c3 Nf6 8. Re1 0-0 9. d4 exd4 10. cxd4 Bb4 11. Nc3 h6 12. a3 Ba5 13. b4 Bb6 14. Bf4 Na7 15. e5 Bxa4 16. Qxa4 dxe5 17. dxe5 Nd5 18. Nxd5 Qxd5 19. Rad1 Qa2 20. Rd2 Qc4 21. Bg3 Rad8 22. Rc2 Qb5 23. Qb3 Qd5 24. Qxd5 Rxd5 25. e6 fxe6 26. Bxc7 Bxc7 27. Rxc7 Rb8 28. a4 Rd6 29. Re7 Nc6 30. R7xe6 Rxe6 31. Rxe6 Nxb4 32. Nd4 Nd3 33. Re7 Nc5 34. Nf5 Nxa4 35. Rxg7+ Kh8 36. Rg6 b5 37. Rxh6+ Kg8 38. Rxa6 Nc3 39. Ra3 b4 40. Rb3 Ne2+ 41. Kf1 Nc1 42. Rb1 Na2 43. Rb2 b3 44. Nd4 Nc1 45. g4 Rd8 46. Nxb3 Rb8 47. Nxc1 Rxb2 48. Nd3 Rb3 49. Ke2 Kg7 50. f4 Rb1 51. f5 Kf6 52. Nf2 Rb2+ 53. Kf3 Rb3+ 54. Kf4 Kf7 55. h4 Rb2 56. Ne4 Rb4 57. g5 Rb6 58. h5 Rb4 59. h6 Rb6 60. h7 Kg7 61. g6 Rb4 62. f6+ Kh8 63. f7 Kg7 64. h8Q+ Kxh8 65. f8Q# 1-0

[Event "FRA-chT U20 16 GP Basse 1213"]
[Site "France"]
[Date "2013.05.18"]
[Round "8"]
[White "Lepoittevin, Thomas"]
[Black "Ruble, Louis"]
[Result "0-1"]
[WhiteElo "1463"]
[BlackElo "1370"]
[PlyCount "40"]
[EventDate "2012.12.01"]
[EventType "team"]
[EventRounds "11"]
[EventCountry "FRA"]
[SourceTitle "EXT 2014"]
[Source "ChessBase"]
[SourceDate "2013.11.20"]
[SourceVersion "1"]
[SourceVersionDate "2013.11.20"]
[SourceQuality "1"]
[WhiteTeam "Grenoble (U20)"]
[BlackTeam "Saint Mande U20"]
[WhiteTeamCountry "FRA"]
[BlackTeamCountry "FRA"]

1. e4 c5 2. c3 Nf6 3. e5 Nd5 4. d4 cxd4 5. cxd4 d6 6. exd6 e6 7. Nc3 Bxd6 8. Nxd5 exd5 9. Bb5+ Nc6 10. Nf3 Qa5+ 11. Qd2 Qxb5 12. Qg5 0-0 13. Rb1 Re8+ 14. Be3 Bb4+ 15. Kd1 Qd3+ 16. Kc1 Bf5 17. Qxf5 Qxf5 18. a3 Rac8 19. Nd2 Nxd4+ 20. Nc4 Qc2# 0-1

[Event "FRA-chT U20 GpA 1213"]
[Site "France"]
[Date "2012.12.02"]
[Round "3"]
[White "Lepoittevin, Thomas"]
[Black "Strohl, Antoine"]
[Result "0-1"]
[WhiteElo "1463"]
[BlackElo "1709"]
[PlyCount "96"]
[EventDate "2012.12.01"]
[EventType "team"]
[EventRounds "7"]
[EventCountry "FRA"]
[SourceTitle "EXT 2014"]
[Source "ChessBase"]
[SourceDate "2013.11.20"]
[SourceVersion "1"]
[SourceVersionDate "2013.11.20"]
[SourceQuality "1"]
[WhiteTeam "Grenoble (U20)"]
[BlackTeam "Sainte Foy (U20)"]
[WhiteTeamCountry "FRA"]
[BlackTeamCountry "FRA"]

1. e4 c5 2. Nf3 g6 3. c3 Bg7 4. d4 cxd4 5. cxd4 d5 6. e5 Nc6 7. Nc3 Bf5 8. Bb5 Bd7 9. Nxd5 a6 10. Ba4 b5 11. Bb3 Be6 12. Nc3 Bg4 13. Bxf7+ Kf8 14. Be3 Qd7 15. e6 Qc7 16. Nd5 Qa5+ 17. Bd2 Qd8 18. Qb3 Bxf3 19. Qxf3 Nxd4 20. Qe4 Nc2+ 21. Ke2 Nxa1 22. Nb6 Nf6 23. Nd7+ Nxd7 24. exd7 Kxf7 25. Qd5+ e6 26. Qf3+ Qf6 27. Qb7 Rhd8 28. Bc3 Qe7 29. Ba5 Nc2 30. Bxd8 Rxd8 31. Rc1 Nd4+ 32. Ke1 Rxd7 33. Qxa6 Qb4+ 34. Kf1 Nf5 35. Re1 Qc4+ 36. Kg1 Qd5 37. b3 Nh4 38. f3 h5 39. Qa5 Qd4+ 40. Kh1 Qf2 41. Rg1 Nxf3 42. Rc1 Rd2 43. Qc7+ Kg8 44. Qb8+ Kh7 45. Qg3 Qxg3 46. hxg3 Nd4 47. Rc7 Rxa2 48. Rd7 Nxb3 0-1

[Event "FRA-chT U20 1112"]
[Site "France"]
[Date "2011.12.18"]
[Round "6"]
[White "Quan, Leya"]
[Black "Lepoittevin, Thomas"]
[Result "0-1"]
[WhiteElo "1160"]
[BlackElo "1350"]
[PlyCount "74"]
[EventDate "2011.12.03"]
[EventType "team-swiss"]
[EventRounds "7"]
[EventCountry "FRA"]
[SourceTitle "EXT 2013"]
[Source "ChessBase"]
[SourceDate "2012.11.22"]
[SourceVersion "1"]
[SourceVersionDate "2012.11.22"]
[SourceQuality "1"]

1. e4 c5 2. Nf3 Nc6 3. Bb5 Nf6 4. Nc3 a6 5. Ba4 b5 6. Bb3 b4 7. Na4 Nxe4 8. 0-0 d5 9. d3 Nd6 10. Nxc5 e6 11. Re1 Nf5 12. Ba4 Qc7 13. Ne5 Bxc5 14. Bxc6+ Ke7 15. Bxa8 Bd6 16. Nc6+ Kd7 17. Bg5 f6 18. Be3 a5 19. Ba7 Ba6 20. Qe2 e5 21. Bb8 Rxb8 22. Nxb8+ Qxb8 23. Bxd5 Nd4 24. Qh5 Qf8 25. Qh3+ Ke7 26. Qxh7 Nxc2 27. Re4 Bxd3 28. Rd1 Bxe4 29. Qxe4 Nd4 30. Rxd4 Qc8 31. h3 Qc1+ 32. Kh2 Kf8 33. Rc4 Qxb2 34. Rc8+ Ke7 35. Qf5 e4+ 36. Kg1 Qb1+ 37. Rc1 Qxc1# 0-1